Životní cyklus podniku a vliv na volbu finanční struktury

Finančná štruktúra podniku a faktory, ktoré ju ovplyvňujú. Kritériá pre posudzovanie finančnej štruktúry. Faktory ovplyvňujúce finančnú štruktúru. Definícia malého a stredného podniku. Určenie fáz životného cyklu podniku.

Salvato in:
Dettagli Bibliografici
Autore principale: Konečný, Zdeněk
Natura: Capitolo di libro
Lingua:ceco
Soggetti:
Tags: Aggiungi Tag
Nessun Tag, puoi essere il primo ad aggiungerne!!

MARC

LEADER 00000naa a2200000 4500
001 0136194
005 20231204134347.4
041 0 |a cze 
044 |a CZ 
245 1 0 |a Životní cyklus podniku a vliv na volbu finanční struktury  |c Zdeněk Konečný 
520 |a Finančná štruktúra podniku a faktory, ktoré ju ovplyvňujú. Kritériá pre posudzovanie finančnej štruktúry. Faktory ovplyvňujúce finančnú štruktúru. Definícia malého a stredného podniku. Určenie fáz životného cyklu podniku. 
610 2 0 |a cyklus podniku životný 
610 2 0 |a podnik malý 
610 2 0 |a podnik stredný 
610 2 0 |a štruktúra podniku finančná 
610 2 0 |a zdroje podnikové 
100 1 |a Konečný, Zdeněk